000
00194 a2200097 4500
020
_a
9788420738482
041
_a
spa
100
_a
Nick Butterworth
245
_a
Mi Mama es Fastastica
942
_c
K
999
_c
31329
_d
31327